000 00571nam a2200217Ia 4500
003 OSt
005 20220928142245.0
006 a|||||r|||| 00| 0
007 ta
008 220927b |||||||| |||| 00| 0 eng d
024 _a18966
037 _cAnnuals, Advances
040 _aSDCL
_cSDCL
_beng
041 _2eng
_aeng
082 _aW,6, K7
100 _aSmith Brain C
_9503112
245 0 _aField administration
_b An aspect of decentralisation
260 _c1967
942 _hW,6, K7
_cREF
_2CC
999 _c821169
_d821169